เอกสารการสอนชุดวิชา กฎหมายธุรกิจ เล่ม 2 หน่วยที่ 7-15 [12th] : (ระเบียนเลขที่ 42546)
| 000 -LEADER | |
|---|---|
| fixed length control field | 01605nam a22002897a 4500 |
| 005 - DATE AND TIME OF LATEST TRANSACTION | |
| control field | 20251125232942.0 |
| 008 - FIXED-LENGTH DATA ELEMENTS--GENERAL INFORMATION | |
| fixed length control field | s2535 th tha d |
| 020 ## - INTERNATIONAL STANDARD BOOK NUMBER | |
| International Standard Book Number | 9746104152 |
| 040 ## - CATALOGING SOURCE | |
| Original cataloging agency | NALT |
| 041 ## - LANGUAGE CODE | |
| Language code of text/sound track or separate title | tha |
| 090 ## - LOCALLY ASSIGNED LC-TYPE CALL NUMBER (OCLC); LOCAL CALL NUMBER (RLIN) | |
| Classification number (OCLC) (R) ; Classification number, CALL (RLIN) (NR) | KS63 |
| Local cutter number (OCLC) ; Book number/undivided call number, CALL (RLIN) | ส747อ 2535 |
| 110 0# - MAIN ENTRY--CORPORATE NAME | |
| Corporate name or jurisdiction name as entry element | มหาวิทยาลัยสุโขทัยธรรมาธิราช. สาขาวิชานิติศาสตร์ |
| 245 10 - TITLE STATEMENT | |
| Title | เอกสารการสอนชุดวิชา กฎหมายธุรกิจ เล่ม 2 หน่วยที่ 7-15 [12th] : |
| Remainder of title | Business law [12th] |
| 260 3# - PUBLICATION, DISTRIBUTION, ETC. | |
| Place of publication, distribution, etc. | นนทบุรี : |
| Name of publisher, distributor, etc. | สำนักพิมพ์มหาวิทยาลัยสุโขทัยธรรมาธิราช, |
| Date of publication, distribution, etc. | 2535 |
| 300 ## - PHYSICAL DESCRIPTION | |
| Extent | 2 เล่ม ; |
| Other physical details | 29 ซม. |
| 610 ## - SUBJECT ADDED ENTRY--CORPORATE NAME | |
| Corporate name or jurisdiction name as entry element | มหาวิทยาลัยสุโขทัยธรรมาธิราช. สาขาวิชานิติศาสตร์ |
| 650 04 - SUBJECT ADDED ENTRY--TOPICAL TERM | |
| Topical term or geographic name entry element | ตลาดหลักทรัพย์ |
| 650 04 - SUBJECT ADDED ENTRY--TOPICAL TERM | |
| Topical term or geographic name entry element | สถาบันการเงินเอกชน |
| 650 04 - SUBJECT ADDED ENTRY--TOPICAL TERM | |
| Topical term or geographic name entry element | บริษัท |
| 650 04 - SUBJECT ADDED ENTRY--TOPICAL TERM | |
| Topical term or geographic name entry element | ห้างหุ้นส่วน |
| 650 04 - SUBJECT ADDED ENTRY--TOPICAL TERM | |
| Topical term or geographic name entry element | ประกันภัย |
| 650 04 - SUBJECT ADDED ENTRY--TOPICAL TERM | |
| Topical term or geographic name entry element | กฎหมายธุรกิจ |
| 650 04 - SUBJECT ADDED ENTRY--TOPICAL TERM | |
| Topical term or geographic name entry element | กฎหมายธุรกิจประกันภัยห้างหุ้นส่วนบริษัทสถาบันการเงินเอกชนตลาดหลักทรัพย์ |
| 850 ## - HOLDING INSTITUTION | |
| Holding institution | NALT |
| 856 40 - ELECTRONIC LOCATION AND ACCESS | |
| Uniform Resource Identifier | <a href="https://hdl.handle.net/20.500.14156/461464">https://hdl.handle.net/20.500.14156/461464</a> |
| -- | 1 |
| 942 ## - ADDED ENTRY ELEMENTS (KOHA) | |
| Koha item type | Law Book |
| Source of classification or shelving scheme | Library of Congress Classification |
| Withdrawn status | Lost status | Damaged status | Not for loan | Collection code | Home library | Current library | Total Checkouts | Full call number | Barcode | Date last seen | Price effective from | Koha item type |
|---|---|---|---|---|---|---|---|---|---|---|---|---|
| Law Book collection | National Assembly Library of Thailand | National Assembly Library of Thailand | KS 63 ส747อ 2535 | 3961153177 | 09/06/2017 | 09/06/2017 | Law Book |
